Guess the Movie from the Characters - Statistics

General Stats
  • This quiz has been taken 133 times
  • The average score is 5 of 10
Answer Stats
Hint Answer % Correct
Woody / Buzz Lightyear / Mr. Potato Head / Slinky Dog Toy Story
97%
Anna / Elsa / Kristoff / Olaf Frozen
96%
Marty McFly / Emmett "Doc" Brown / Lorraine Baines McFly / Biff Tannen Back to the Future
84%
Jake Sully / Neytiri / Colonel Miles Quaritch / Dr. Grace Augustine Avatar
71%
The Narrator / Tyler Durden / Marla Singer / Robert "Bob" Paulson Fight Club
68%
Seth / Evan / Fogell (McLovin) / Jules Superbad
53%
Rick Blaine / Ilsa Lund / Victor Laszlo / Captain Louis Renault Casablanca
28%
Sebastian "Seb" Wilder / Amelia "Mia" Dolan / Keith / Bill La La Land
26%
Phil Wenneck / Dr. Stu Price / Alan Garner / Jade The Hangover
11%
Charlie Kelmeckis / Sam Button / Patrick / Mr. Anderson The Perks of Being a Wallflower
10%
No matching quizzes found
Score Distribution
Percent of People with Each Score
Percentile by Number Answered
Your Score History
You have not taken this quiz